Nursing models for practice / (Record no. 5188)
[ view plain ]
| 000 -LEADER | |
|---|---|
| fixed length control field | 00980nam a2200325 a 4500 |
| 001 - CONTROL NUMBER | |
| control field | 012128859 |
| 003 - CONTROL NUMBER IDENTIFIER | |
| control field | ALUPE UNIVERSITY |
| 005 - DATE AND TIME OF LATEST TRANSACTION | |
| control field | 20220405075815.0 |
| 008 - FIXED-LENGTH DATA ELEMENTS--GENERAL INFORMATION | |
| fixed length control field | 960516s1996 enkak 001 0 eng d |
| 015 ## - NATIONAL BIBLIOGRAPHY NUMBER | |
| National bibliography number | GB 96-40203 |
| 020 ## - INTERNATIONAL STANDARD BOOK NUMBER | |
| International Standard Book Number | 0750615974 |
| 035 ## - SYSTEM CONTROL NUMBER | |
| System control number | BNB issue 2404 |
| 040 ## - CATALOGING SOURCE | |
| Transcribing agency | ALUPE UNIVERSITY |
| 050 ## - LIBRARY OF CONGRESS CALL NUMBER | |
| Classification number | RT84.5 |
| Item number | .P43 1996 |
| 082 ## - DEWEY DECIMAL CLASSIFICATION NUMBER | |
| Classification number | 610.73 |
| Edition number | 20 |
| 092 ## - LOCALLY ASSIGNED DEWEY CALL NUMBER (OCLC) | |
| Classification number | D0504361038 |
| 100 1# - MAIN ENTRY--PERSONAL NAME | |
| Personal name | Pearson, Alan, |
| Dates associated with a name | 1948- |
| 245 10 - TITLE STATEMENT | |
| Title | Nursing models for practice / |
| Statement of responsibility, etc. | Alan Pearson, Barbara Vaughan, Mary FitzGerald |
| 250 ## - EDITION STATEMENT | |
| Edition statement | 2nd ed |
| 260 ## - PUBLICATION, DISTRIBUTION, ETC. | |
| Place of publication, distribution, etc. | Oxford : |
| Name of publisher, distributor, etc. | Butterworth-Heinemann, |
| Date of publication, distribution, etc. | c1996. |
| 300 ## - PHYSICAL DESCRIPTION | |
| Extent | 250 p. : |
| Other physical details | ill., forms ; |
| Dimensions | 25 cm |
| 500 ## - GENERAL NOTE | |
| General note | Previous ed.: 1986 |
| 504 ## - BIBLIOGRAPHY, ETC. NOTE | |
| Bibliography, etc. note | Includes bibliography (p. 236-243) and index |
| 650 #0 - SUBJECT ADDED ENTRY--TOPICAL TERM | |
| Topical term or geographic name entry element | Nursing models |
| 650 #0 - SUBJECT ADDED ENTRY--TOPICAL TERM | |
| Topical term or geographic name entry element | Nursing |
| General subdivision | Philosophy |
| 700 1# - ADDED ENTRY--PERSONAL NAME | |
| Personal name | Vaughan, Barbara, |
| Dates associated with a name | 1944- |
| 700 1# - ADDED ENTRY--PERSONAL NAME | |
| Personal name | FitzGerald, Mary. |
| 942 ## - ADDED ENTRY ELEMENTS (KOHA) | |
| Source of classification or shelving scheme | |
| Koha item type | Book |
| Suppress in OPAC | CM |
| Withdrawn status | Lost status | Source of classification or shelving scheme | Damaged status | Not for loan | Permanent Location | Current Location | Shelving location | Date acquired | Source of acquisition | Total Checkouts | Full call number | Barcode | Date last seen | Price effective from | Koha item type | Public note |
|---|---|---|---|---|---|---|---|---|---|---|---|---|---|---|---|---|
| AU LIBRARY | AU LIBRARY | Open Shelf | 05.04.2022 | DONATION FROM MOI UNIVERSITY | RT84.5 .P43 1996 | 28011889 | 05.04.2022 | 05.04.2022 | Book | CM |